<?xml version="1.0" encoding="UTF-8"?>
<record
    xmlns:xsi="http://www.w3.org/2001/XMLSchema-instance"
    xsi:schemaLocation="http://www.loc.gov/MARC21/slim http://www.loc.gov/standards/marcxml/schema/MARC21slim.xsd"
    xmlns="http://www.loc.gov/MARC21/slim">

  <leader>00377nam a2200133Ia 4500</leader>
  <controlfield tag="008">191201s2011    xx            000 0 und d</controlfield>
  <datafield tag="082" ind1=" " ind2=" ">
    <subfield code="a">519.2</subfield>
    <subfield code="b">TRP</subfield>
  </datafield>
  <datafield tag="100" ind1=" " ind2=" ">
    <subfield code="a">TRIVEDI, Kishor</subfield>
  </datafield>
  <datafield tag="245" ind1=" " ind2="0">
    <subfield code="a">Probability and Statistics with Reliability, Queuing, and Computer Science Applications</subfield>
  </datafield>
  <datafield tag="260" ind1=" " ind2=" ">
    <subfield code="a">N.Delhi</subfield>
    <subfield code="b">PHI</subfield>
    <subfield code="c">2011</subfield>
  </datafield>
  <datafield tag="300" ind1=" " ind2=" ">
    <subfield code="a">624</subfield>
  </datafield>
  <datafield tag="650" ind1=" " ind2=" ">
    <subfield code="a">M.Tech (ECE)</subfield>
  </datafield>
  <datafield tag="942" ind1=" " ind2=" ">
    <subfield code="2">ddc</subfield>
    <subfield code="c">BK</subfield>
  </datafield>
  <datafield tag="999" ind1=" " ind2=" ">
    <subfield code="c">5033</subfield>
    <subfield code="d">5033</subfield>
  </datafield>
  <datafield tag="952" ind1=" " ind2=" ">
    <subfield code="0">0</subfield>
    <subfield code="1">0</subfield>
    <subfield code="2">ddc</subfield>
    <subfield code="4">0</subfield>
    <subfield code="7">0</subfield>
    <subfield code="8">APPLIED</subfield>
    <subfield code="a">PIET</subfield>
    <subfield code="b">PIET</subfield>
    <subfield code="d">2011-10-08</subfield>
    <subfield code="e">UDH pub and dis Delhi</subfield>
    <subfield code="g">250.00</subfield>
    <subfield code="k">in1238</subfield>
    <subfield code="l">0</subfield>
    <subfield code="o">519.2 TRP</subfield>
    <subfield code="p">18384</subfield>
    <subfield code="r">2019-12-04 00:00:00</subfield>
    <subfield code="w">2011-10-01</subfield>
    <subfield code="y">BK</subfield>
  </datafield>
  <datafield tag="952" ind1=" " ind2=" ">
    <subfield code="0">0</subfield>
    <subfield code="1">0</subfield>
    <subfield code="2">ddc</subfield>
    <subfield code="4">0</subfield>
    <subfield code="7">0</subfield>
    <subfield code="8">APPLIED</subfield>
    <subfield code="a">PIET</subfield>
    <subfield code="b">PIET</subfield>
    <subfield code="d">2011-10-08</subfield>
    <subfield code="e">UDH pub and dis Delhi</subfield>
    <subfield code="g">250.00</subfield>
    <subfield code="k">in1238</subfield>
    <subfield code="l">1</subfield>
    <subfield code="o">519.2 TRP</subfield>
    <subfield code="p">18385</subfield>
    <subfield code="q">2020-11-19</subfield>
    <subfield code="r">2020-11-05 00:00:00</subfield>
    <subfield code="s">2020-11-05</subfield>
    <subfield code="w">2011-10-01</subfield>
    <subfield code="y">BK</subfield>
  </datafield>
  <datafield tag="952" ind1=" " ind2=" ">
    <subfield code="0">0</subfield>
    <subfield code="1">0</subfield>
    <subfield code="2">ddc</subfield>
    <subfield code="4">0</subfield>
    <subfield code="7">0</subfield>
    <subfield code="8">APPLIED</subfield>
    <subfield code="a">PIET</subfield>
    <subfield code="b">PIET</subfield>
    <subfield code="d">2011-10-08</subfield>
    <subfield code="e">UDH pub and dis Delhi</subfield>
    <subfield code="g">250.00</subfield>
    <subfield code="k">in1238</subfield>
    <subfield code="l">0</subfield>
    <subfield code="o">519.2 TRP</subfield>
    <subfield code="p">18386</subfield>
    <subfield code="r">2019-12-04 00:00:00</subfield>
    <subfield code="w">2011-10-01</subfield>
    <subfield code="y">BK</subfield>
  </datafield>
  <datafield tag="952" ind1=" " ind2=" ">
    <subfield code="0">0</subfield>
    <subfield code="1">0</subfield>
    <subfield code="2">ddc</subfield>
    <subfield code="4">0</subfield>
    <subfield code="7">0</subfield>
    <subfield code="8">APPLIED</subfield>
    <subfield code="a">PIET</subfield>
    <subfield code="b">PIET</subfield>
    <subfield code="d">2011-10-08</subfield>
    <subfield code="e">UDH pub and dis Delhi</subfield>
    <subfield code="g">250.00</subfield>
    <subfield code="k">in1238</subfield>
    <subfield code="l">0</subfield>
    <subfield code="o">519.2 TRP</subfield>
    <subfield code="p">18387</subfield>
    <subfield code="r">2019-12-04 00:00:00</subfield>
    <subfield code="w">2011-10-01</subfield>
    <subfield code="y">BK</subfield>
  </datafield>
  <datafield tag="952" ind1=" " ind2=" ">
    <subfield code="0">0</subfield>
    <subfield code="1">0</subfield>
    <subfield code="2">ddc</subfield>
    <subfield code="4">0</subfield>
    <subfield code="7">0</subfield>
    <subfield code="8">APPLIED</subfield>
    <subfield code="a">PIET</subfield>
    <subfield code="b">PIET</subfield>
    <subfield code="d">2011-10-08</subfield>
    <subfield code="e">UDH pub and dis Delhi</subfield>
    <subfield code="g">250.00</subfield>
    <subfield code="k">in1238</subfield>
    <subfield code="l">1</subfield>
    <subfield code="o">519.2 TRP</subfield>
    <subfield code="p">18388</subfield>
    <subfield code="r">2026-04-28 15:04:16</subfield>
    <subfield code="s">2026-04-22</subfield>
    <subfield code="w">2011-10-01</subfield>
    <subfield code="y">BK</subfield>
  </datafield>
</record>
